Engaging the doctrine of God : (Record no. 10283)
[ view plain ]
| 000 -LEADER | |
|---|---|
| fixed length control field | 02112cam a2200325 a 4500 |
| 001 - CONTROL NUMBER | |
| control field | 15043977 |
| 003 - CONTROL NUMBER IDENTIFIER | |
| control field | OSt |
| 005 - DATE AND TIME OF LATEST TRANSACTION | |
| control field | 20210222103917.0 |
| 008 - FIXED-LENGTH DATA ELEMENTS--GENERAL INFORMATION | |
| fixed length control field | 071015s2008 miu b 001 0 eng |
| 010 ## - LIBRARY OF CONGRESS CONTROL NUMBER | |
| LC control number | 2007042766 |
| 020 ## - INTERNATIONAL STANDARD BOOK NUMBER | |
| International Standard Book Number | 9780801035524 (pbk.) |
| 020 ## - INTERNATIONAL STANDARD BOOK NUMBER | |
| International Standard Book Number | 080103552X (pbk.) |
| 035 ## - SYSTEM CONTROL NUMBER | |
| System control number | (OCoLC)ocn166368585 |
| 035 ## - SYSTEM CONTROL NUMBER | |
| System control number | (OCoLC)166368585 |
| 040 ## - CATALOGING SOURCE | |
| Original cataloging agency | DLC |
| Transcribing agency | DLC |
| Modifying agency | DLC |
| 050 00 - LIBRARY OF CONGRESS CALL NUMBER | |
| Classification number | BT98 |
| Item number | M478E |
| 082 00 - DEWEY DECIMAL CLASSIFICATION NUMBER | |
| Classification number | 231 |
| Edition number | 22 |
| Item number | M478E |
| 245 00 - TITLE STATEMENT | |
| Title | Engaging the doctrine of God : |
| Remainder of title | contemporary Protestant perspectives / |
| Statement of responsibility, etc. | edited by Bruce L. McCormack. |
| 260 ## - PUBLICATION, DISTRIBUTION, ETC. | |
| Place of publication, distribution, etc. | Grand Rapids, Mich. : |
| Name of publisher, distributor, etc. | Baker Academic ; |
| Place of publication, distribution, etc. | Edinburgh : |
| Name of publisher, distributor, etc. | Rutherford House, |
| Date of publication, distribution, etc. | c2008. |
| 300 ## - PHYSICAL DESCRIPTION | |
| Extent | 271 p. ; |
| Dimensions | 23 cm. |
| 504 ## - BIBLIOGRAPHY, ETC. NOTE | |
| Bibliography, etc. note | Includes bibliographical references and indexes. |
| 505 0# - FORMATTED CONTENTS NOTE | |
| Formatted contents note | Edinburgh dogmatics conference sermon : The Lamb that was slain / David F. Wright -- Part I: New Testament and early Christian origins of the doctrine of God -- Christian origins and the question of God / N.T. Wright -- The wrath of God / D.A. Carson -- Part II: Historical perspectives -- John Calvin and the hiddenness of God / Paul Helm -- Jonathan Edwards's God : Trinity, individuation, and divine simplicity / Oliver D. Crisp -- Part III: Theological perspectives -- Life in and of himself : reflections on God's aseity / John Webster -- God and the cross / Henri A. Blocher -- The compassion of God : Exodus 34:5-9 in the light of Exodus 32-34 / Pierre Berthoud -- The sovereignty of God / Stephen N. Williams -- The actuality of God : Karl Barth in conversation with open theism / Bruce L. McCormack -- Part IV: Practical theology perspectives -- The doctrine of God and pastoral care / Donald Macleod. |
| 650 #0 - SUBJECT ADDED ENTRY--TOPICAL TERM | |
| Topical term or geographic name entry element | God (Christianity) |
| General subdivision | History of doctrines. |
| 650 #0 - SUBJECT ADDED ENTRY--TOPICAL TERM | |
| Topical term or geographic name entry element | Protestant churches |
| General subdivision | Doctrines |
| -- | History. |
| 700 1# - ADDED ENTRY--PERSONAL NAME | |
| Personal name | McCormack, Bruce L. |
| 856 41 - ELECTRONIC LOCATION AND ACCESS | |
| Materials specified | Table of contents |
| Uniform Resource Identifier | <a href="http://www.loc.gov/catdir/toc/fy0804/2007042766.html">http://www.loc.gov/catdir/toc/fy0804/2007042766.html</a> |
| 906 ## - LOCAL DATA ELEMENT F, LDF (RLIN) | |
| a | 0 |
| b | cbc |
| c | orignew |
| d | 1 |
| e | ecip |
| f | 20 |
| g | y-gencatlg |
| 942 ## - ADDED ENTRY ELEMENTS (KOHA) | |
| Source of classification or shelving scheme | Dewey Decimal Classification |
| Koha item type | Books |
| Withdrawn status | Lost status | Source of classification or shelving scheme | Damaged status | Not for loan | Collection code | Home library | Current library | Shelving location | Date acquired | Total Checkouts | Full call number | Barcode | Date last seen | Date last checked out | Price effective from | Koha item type |
|---|---|---|---|---|---|---|---|---|---|---|---|---|---|---|---|---|
| Dewey Decimal Classification | Non-fiction | Harvest Mission College | Harvest Mission College | General Stacks | 22.02.2021 | 1 | 231 M478E | 011869 | 30.03.2026 | 07.01.2026 | 22.02.2021 | Books |
